Music Quiz

Random Music or Clickable Quiz

Taylor swift song titles Quiz Stats

Quiz not verified by Sporcle

Also try: First Five: Music
Challenge
Share
Tweet
Embed
Score 0/20 Timer 04:00
0 Plays Today
% Correct
love
98.1%
space
97.1%
grow
97.1%
to
97.1%
never
96.2%
everthing
95.2%
shake
95.2%
McGraw
95.2%
with
94.2%
blood
94.2%
% Correct
no
94.2%
now
94.2%
song
92.3%
I
91.3%
had
91.3%
all
90.4%
picture
88.5%
would
84.6%
long
84.6%
begin
83.7%

You're not logged in!

Compare scores with friends on all Sporcle quizzes.
Sign Up with Email
OR
Log In

You Might Also Like...

Show Comments

Extras

Top Quizzes Today


Score Distribution

Your Account Isn't Verified!

In order to create a playlist on Sporcle, you need to verify the email address you used during registration. Go to your Sporcle Settings to finish the process.